000 01373nam a2200229Ia 4500
003 Ost
005 20260416102351.0
008 260416s9999||||xx |||||||||||||| ||und||
040 _cfsecg
041 _aara
082 _a657
100 _aمشيد، محمد
_eمؤلف
245 0 _a المحاسبة العامة /
_c محمد مشيد
260 _aالجزائر
_bجامعة الجزائر3: كلية العلوم الإقتصادية، العلوم التجارية وعلوم التسيير
_c2016
300 _a115 ورقة
_bايضاحات
_c30 سم
504 _aمراجع ص.114
520 _aالاطار التصوري للمحاسبة المالية، الحساب والدورة المحاسبية، المعالجة المحاسبية للعمليات الرأسمالية، المعالجة المحاسبية للعمليات على التثبيتات، دراسة المخزونات، عمليات أخرى على المخزونات، حسابات اغير والحسابات المالية، الأعباء والايرادات، جرد التثبيتات، عرض القوائم المالية
653 _aالرأسمالية
653 _aالمحاسبة
710 _aجامعة الجزائر3: كلية العلوم الإقتصادية، العلوم التجارية وعلوم التسيير
_eناشر علمي
942 _cHANDOUT
999 _c41002
_d41002